Govt. of
Madhya Pradesh

रानाई-ए-ख्‍ायाल (Record no. 56000)

MARC details
000 -LEADER
fixed length control field 00436nam a22001577a 4500
003 - CONTROL NUMBER IDENTIFIER
control field MACL
005 - DATE AND TIME OF LATEST TRANSACTION
control field 20170121123154.0
008 - FIXED-LENGTH DATA ELEMENTS--GENERAL INFORMATION
fixed length control field 170121b xxu||||| |||| 00| 0 eng d
040 ## - CATALOGING SOURCE
Transcribing agency MACL
082 ## - DEWEY DECIMAL CLASSIFICATION NUMBER
Classification number 891.431/SIL
100 ## - MAIN ENTRY--PERSONAL NAME
Personal name साइलस संदीप 'दीप '
9 (RLIN) 66650
245 ## - TITLE STATEMENT
Title रानाई-ए-ख्‍ायाल
260 ## - PUBLICATION, DISTRIBUTION, ETC. (IMPRINT)
Place of publication, distribution, etc. आगरा
Name of publisher, distributor, etc. Silas
Date of publication, distribution, etc. 2012
650 ## - SUBJECT ADDED ENTRY--TOPICAL TERM
Topical term or geographic name as entry element कविता
9 (RLIN) 66651
942 ## - ADDED ENTRY ELEMENTS (KOHA)
Source of classification or shelving scheme
Koha item type Hindi Books
Holdings
Withdrawn status Lost status Source of classification or shelving scheme Damaged status Not for loan Home library Current library Date acquired Cost, normal purchase price Total Checkouts Full call number Barcode Date last seen Price effective from Koha item type
          MACL MACL 21/01/2017 250.00   891.431/SIL CRH030738 21/01/2017 21/01/2017 Hindi Books